| 000 | 01392nam a22003137a 4500 | ||
|---|---|---|---|
| 999 |
_c29426 _d29397 |
||
| 003 | EG-ScBUE | ||
| 005 | 20210916112226.0 | ||
| 008 | 210916s2002 ua f 000 0 ara d | ||
| 017 | _a2002/10316 | ||
| 020 | _a9773130665 | ||
| 040 |
_aEG-ScBUE _bara _erda _cEG-ScBUE _dEG-ScBUE |
||
| 043 | _ama----- | ||
| 082 | 0 | 4 |
_a330.09174927 _bف ا ر _222 |
| 100 | 1 |
_aفاروق، عبد الخالق، _eمؤلف. |
|
| 245 | 1 | 2 |
_aالنفط والأموال العربية في الخارج : _bخمس دراسات في الاقتصاد الدولي المعاصر / _cعبد الخالق فاروق. |
| 246 | 3 |
_aالنفط والأموال العربية في الخارج : _b5 دراسات في الاقتصاد الدولي المعاصر |
|
| 250 | _aالطبعة الأولى. | ||
| 264 | 1 |
_aالقاهرة : _bمركز المحروسة للنشر والخدمات الصحفية والمعلومات، _c2002. |
|
| 300 |
_a224 صفحة ؛ _c24 سم |
||
| 336 |
_2rdacontent _aنص _btxt |
||
| 337 |
_2rdamedia _aبدون وسيط _bn |
||
| 338 |
_2rdacarrier _aمجلد _bnc |
||
| 541 |
_cDonation ; _aAbdel-Khaleq Farouq. |
||
| 650 | 7 |
_aالبترول _xإقتصاديات _zالدول العربية. _2BUEsh |
|
| 651 | 7 |
_aالدول العربية _xأحوال اقتصادية. _2BUEsh |
|
| 653 |
_bBUSECO _cSeptember2021 |
||
| 655 |
_vReading book _934232 |
||
| 942 | _2ddc | ||